000
00333nam a22001457a 4500
003
SGT
020
_a
97815-43343-10-6
082
_a
615
_b
BAR
100
_a
BARHATE, DR. S.D.
245
_a
A TEXTBOOK OF MODERN PHARMACEUTICAL
260
_a
INDIA
_b
PV. PUB.
_c
2019
300
_a
380
650
_a
PHARMACEUTICAL
942
_2
ddc
_c
BK
999
_c
32427
_d
32427